Statistics for Google What's the Difference - Sport

Click here to take the quiz!

General Stats

  • This quiz has been taken 363 times
  • The average score is 10 of 30

Answer Stats

What's the difference between...% Correct
Football and {Soccer}
98%
a Football Manager and a {Coach}
77%
Table Tennis and {Ping Pong}
75%
Manchester City and {Manchester United}
71%
Cricket and {Baseball}
66%
Canoeing and {Kayaking}
55%
Trainers and {Sneakers}
51%
the Winter Olympics and the {Summer Olympics}
50%
Wrestling and {Boxing}
42%
Basketball and {Netball}
41%
Tennis and {Badminton}
41%
Rugby League and {Union}
40%
Yoga and {Pilates}
40%
the Premier League and the {Champions League}
30%
Frontcrawl and {Freestyle}
23%
Volleyball and {Beach Volleyball}
21%
the World Cup and {Olympics}
17%
Ice Hockey Skates and {Figure Skates}
17%
Formula 1 and {Formula 2}
15%
Steeplechase and {Hurdles}
15%
the Olympics and the {World Championships}
12%
Racing and {Running}
10%
Wicket and {Stumps}
10%
Equestrian and {Dressage}
10%
Sky Sports and {BT Sports}
9%
a Half Marathon and {5k}
9%
Judo and {Jiu Jitsu}
7%
Gymnastics and {Acrobatics}
5%
Running and {Speed Walking}
2%
Hockey and {Shinty}
1%

Score Distribution

Percentile by Number Answered

Percent of People with Each Score

Your Score History

You have not taken this quiz